000 00235nam a2200097Ia 4500
008 170619s9999 xx 000 0 und d
100 _aPressman- Roger S.
245 0 _aSoftware Engineering
260 _bNew Delhi. McGraw Hill
260 _c2001
546 _aENGLISH
999 _c17104
_d17104